000 01339nam a2200217 4500
001 ESSALUD
005 20260701143742.0
007 ta
008 t pe ||||| |||| 00| 0 spa d
040 _aBMG
041 _aspa
100 _aTribunal Registral
_eAutor
_953048
245 _aLa declaración judicial de herederos no constituye una aceptación tácita de la herencia
300 _apáginas 88-99
520 _aLa declaración judicial de herederos no constituye una aceptación tácita de la herencia, pues a través de este procedimiento se busca conocer quiénes son los sucesores de un causante, los llamados a heredar los bienes, derechos y obligaciones que constituyen la herencia, por imperio de la Ley en ausencia del testamento. Sin embargo, puede darse el caso de que los sucesores de un causante no hayan sido reconocidos o contemplados como tales, o habiéndolo sido, resultan ajenos a ellos la tenencia, posesión y/o dominio efectivo de los bienes que conforman la herencia. Ante tal situación, se ha previsto la acción petitoria.
650 _aDERECHO SUCESORIO
_953065
650 _aHERENCIA
_91215
650 _aTESTAMENTO
_953066
773 0 _022573
_922621
_dLima Grupo Praxis Formación Profesional, 2026-
_oPRA002
_tPraxis Civil & Procesal Civil
_wESSALUD
_x3119-7671
942 _cARTICULOS
_e2026-07-01
_zsqb
999 _c22599
_d22599